| 000 | 01155cam a2200205 4500 | ||
|---|---|---|---|
| 001 | X121017 | ||
| 008 | 030115n2003 000 0 eng u | ||
| 035 | _a(Sirsi) u121017 | ||
| 245 | _aNine new EU construction standards | ||
| 260 | _c2003 | ||
| 490 |
_aRICS Brussels Briefing _v13 January 2003, (1) |
||
| 520 | _aNine new construction product standards have been published in the EU's Official Journal, covering concrete aggregates, clay paving stones, chimney pots, anti-flooding devices for buildings, floor screeds, concrete manholes and inspection chambers: also three on fire detection and alarm systems. Prepared by the European Committee for Standardisation (CEN), the standards are designed to help manufacturers meet the requirements of the Construction Products Directive 89/106/EEC. A list of the harmonised standards can be found on the website http://europa.eu.int/comm/enterprise/construction/internal/specdef/stanlist.htm | ||
| 590 | _aWB | ||
| 650 | _aBUILT ENVIRONMENT-BUILDING MATERIALS | ||
| 650 | _aEUROPEAN UNION | ||
| 650 | _aEC DIRECTIVES | ||
| 650 | _aDIRECTIVE 89/106/EEC | ||
| 690 | _aBUILT ENVIRONMENT | ||
| 942 | _n0 | ||
| 999 |
_c71914 _d71914 |
||